000 00786nam a2200253Ia 4500
003 OSt
005 20220923224914.0
006 a|||||r|||| 00| 0
007 ta
008 220922b |||||||| |||| 00| 0 hin d
024 _a253,501
037 _cTextual
040 _aARTS
_cARTS
_bhin
041 _2hin
_ahin
082 _aO152,3xN, M8
100 _aमधुदीप, संपा.
245 0 _aपड़ाव और पड़ताल
246 _aPaड़āv aur paड़tāla
260 _aदिल्ली
_b दिशा प्रकाशन
_c1988
300 _a157पृ.
_ccm.
650 _aहिन्दी साहित्य
_9156264
942 _hO152,3xN, M8
_cTEXL
_2CC
999 _c374576
_d374576